000 00350nam a2200157 4500
008 190521s1997||||CZ d
100 1 _aDohnal Jirí
_91116
260 _bKMS
_c1997
_aPraha
245 1 0 _aOperace bez narkózy
250 _a1.vydanie
020 _c0
_a8090196098
041 1 _acze
044 _aCZ
300 _a119s.
958 _aAUL
999 _c22412
_d22412